Statistiques concernant Les équipes de la Coupe du monde de football

Cliquez ici pour prendre le quiz!

Statistiques générales

  • Ce quiz a été pris 10 467 fois
    (10 033 depuis la dernière actualisation)
  • Le résultat moyen est 48 sur 83

Statistiques - réponses

Prés.Equipe% Correct
21Brésil
99%
15France
99%
19Allemagne
97%
17Argentine
96%
15Espagne
95%
18Italie
95%
5Maroc
92%
7Portugal
92%
15Angleterre
91%
4Algérie
89%
4Russie
88%
13Uruguay
88%
6Japon
87%
10Etats-Unis
86%
13Belgique
83%
1Chine
82%
10Pays-Bas
82%
12Suède
82%
5Australie
81%
1Canada
81%
16Mexique
81%
10Corée du Sud
78%
2Sénégal
78%
11Suisse
78%
5Tunisie
76%
5Croatie
75%
9Chili
74%
6Colombie
73%
3Afrique du Sud
72%
5Danemark
72%
3Irlande
72%
3Norvège
72%
8Pologne
70%
7Cameroun
69%
3Egypte
68%
1Ukraine
65%
5Pérou
63%
2Turquie
63%
3Grèce
60%
9Hongrie
60%
5Arabie saoudite
58%
7Autriche
57%
2Corée du Nord
57%
8Ecosse
57%
3Equateur
57%
3Côte d'Ivoire
55%
1Islande
55%
2Serbie
55%
2Nouvelle-Zélande
54%
8Paraguay
54%
3Ghana
53%
5Costa Rica
52%
6Nigeria
52%
1Pays de Galles
52%
5Iran
51%
7Roumanie
49%
1Slovaquie
49%
1République tchèque
47%
7Bulgarie
45%
1Panama
45%
2Slovénie
45%
3Bolivie
42%
3Honduras
42%
8Yougoslavie
39%
1Bosnie-Herzégovine
36%
7URSS
36%
1Irak
35%
3Irlande du Nord
35%
8Tchécoslovaquie
32%
1Cuba
29%
1Jamaïque
26%
1Israël
24%
1Togo
24%
1Indonésie
18%
1Allemagne de l'Est
17%
1Angola
16%
1Emirats Arabes Unis
14%
2Salvador
14%
1Haïti
12%
1Koweït
12%
1Trinité-et-Tobago
12%
1Zaïre
9%
2Serbie-et-Monténégro
4%

Distribution des résultats

Percentile par nombre de réponses

% des personnes avec chaque résultat

Votre développement - résultats

Vous n’avez pas pris ce quiz depuis la dernière actualisation